LEADER 00913nam a2200205 i 4500 001 000000156057 003 CaOOAMICUS 005 20061128000000.0 008 061128s1952 it u000 u ita u 013 $a133411 040 $aSeMil$bita 245 12$aI Bonaparte e Palazzo Serbelloni /$ca cura di Leopoldo Marchetti Direttore Museo del Risorgimento di Milano. 260 $aMilano :$bEdizioni d'Arte Amilcare Pizzi,$ccopyr. 1952. 300 $a51 p. :$bill. in parte rimontate ;$c33 cm. 650 4$aMilano - Palazzo Serbelloni.$0(OLS)http://semarc/subject/30520 700 1 $aMarchetti, Leopoldo.$0(OLS)http://semarc/name/14338 850 $aSeMil 852 $aSeMil$W1$xVenegono$y1$m5I XII 5$j107859$B107859$CSeMilBibl$Z2$F117542 $8I 996 $6245$aI Bonaparte e Palazzo Serbelloni$9(OLS)http://semarc/title/228679 996 $6260$aMilano :$bEdizioni d'Arte Amilcare Pizzi$9(OLS)http://semarc/publisher/44162 LEADER 01026nam a2200253 i 4500 001 000000214412 003 CaOOAMICUS 005 20120718000000.0 008 120718s2011 it u000 u ita u 013 $a193283 040 $aSeMil$bita 100 1 $aPessoa, Fernando,$d<1888-1935>.$0(OLS)http://semarc/name/31396 245 10$aNei giorni di luce perfetta /$cFernando Pessoa ; a cura di Paolo Collo. 260 $aMilano :$bCorriere della Sera,$c2011. 300 $a236 p. :$b1 ritratto ;$c18 cm. 490 0 $aUn secolo di poesia ;$v4 500 $aTesto originale a fronte. 700 1 $aCollo, Paolo.$0(OLS)http://semarc/name/1135 830 3$aUn secolo di poesia ;$v4.$0(OLS)http://semarc/title/16358 850 $aSeMil 852 $aSeMil$W1$xVenegono$y1$m1V I 190$j164834$B164834$CSeMilBibl$Z2$F187449 $81 961 $aOmaggio: Martinelli don Romano 996 $6245$aNei giorni di luce perfetta$9(OLS)http://semarc/title/308901 996 $6260$aMilano :$bCorriere della Sera$9(OLS)http://semarc/publisher/33390